Ballon d'or 1990 - Statistiques

Statistiques générales
  • Ce quiz a été pris 52 fois
  • Le résultat moyen est 6 sur 23
Statistiques - réponses
Rang Joueurs Nationalité Points % Correct
8 Roberto Baggio Italie 8
78%
1 Lothar Matthäus Allemagne 137
76%
11 Jean-Pierre Papin France 3
66%
5 Franco Baresi Italie 37
41%
Jürgen Klinsmann Allemagne 12
41%
9 Frank Rijkaard Pays-Bas 7
39%
Michael Laudrup Danemark 1
39%
Gary Lineker Angleterre 1
32%
Rudi Völler Allemagne 1
29%
3 Andreas Brehme Allemagne 68
24%
4 Paul Gascoigne Angleterre 43
20%
2 Salvatore Schillaci Italie 84
20%
6 Enzo Scifo Belgique 12
17%
Chris Waddle Angleterre 1
12%
David Platt Angleterre 1
10%
Dragan Stojković Yougoslavie 2
10%
18 John Barnes Angleterre 1
7%
Robert Prosinečki Yougoslavie 2
7%
Des Walker Angleterre 2
5%
10 Guido Buchwald Allemagne 6
5%
Paul McGrath Iralnde 2
2%
12 Rafael Martín Vázquez Espagne 2
2%
Walter Zenga Italie 2
2%
Aucun quiz correspondant
Distribution des résultats
% des personnes avec chaque résultat
Percentile par nombre de réponses
Votre historique - résultats
Vous n’avez pas pris ce quiz